000 01581nam0a22003011 4500
001 rc\3641717
005 20250610090312.0
021 _aRU
_b[69-56946ж]
035 _a(NLR Aleph) 007829831
090 _a7771517
_c7771517
100 _a20130115d1969 |||y0rusy50 ca
101 0 _arus
102 _aRU
105 _aa z |||||
200 1 _aМикроминиатюризация радиоэлектронной аппаратуры, электронно-ионная и вакуумная технология
_e[Сборник статей
_fРед. коллегия: В.И. Смирнов и др.]
210 _aЛенинград
_cБ. и.
_d1969
215 _a142 с.
_cчерт.
_d19
225 1 _aМинистерство высшего и среднего специального образования РСФСР. Известия Ленинградского электротехнического института имени В.И. Ульянова-Ленина
_vВып. 82
300 _aНа обл. только загл. серии
606 _aЭлектронная технология
_jСборники
_2psbo
606 _aРадиоэлектронная аппаратура
_xМиниатюризация
_jСборники
_2psbo
702 1 _4340
_7ca
_8rus
_aСмирнов
_bВ. И.
_cд-р техн. наук, электроника
_f1912-1982
_gВениамин Иванович
_9241040
_3RU\NLR\AUTH\770241096
801 0 _aRU
_bNLR
_gpsbo
801 1 _aRU
_bELAR
_2rusmarc
852 _aNLR
_jП11/249
942 _cBOOK
980 _aNB